000 02393nam2a22002651 4500
001 RU\NLR\INFOCOMM7\1000093406
005 20250617013518.0
035 _a(NLR Aleph) 002348030
090 _a4503595
_c4503595
100 _a20041115d1892 |||y0rusy50 ca
101 0 _arus
102 _aRU
105 _ay |||||||||
200 0 _aГ.9 1892, Т.12, №7
210 _d1892
_aБ. м.
311 _aВзамен вышла кн. Тимонов В.Е. Из гидротехнической практики Первые морские землесосные работы в России, исполненные в Либавском и Виндавском, портах в 1889 и 1890 годах, с приложением сведений о землесосных работах в Дюнкирхене и о теории землесосов
442 0 _12001#$aИз гидротехнической практики Первые морские землесосные работы в России, исполненные в Либавском и Виндавском, портах в 1889 и 1890 годах, с приложением сведений о землесосных работах в Дюнкирхене и о теории землесосов$fТимонов В.Е.
_1700#1$aТимонов$bВ.Е.
_1300##$aВ обл. имеются только объявления
_1309##$aПрипл. к журн.
_tИз гидротехнической практики Первые морские землесосные работы в России, исполненные в Либавском и Виндавском, портах в 1889 и 1890 годах, с приложением сведений о землесосных работах в Дюнкирхене и о теории землесосов
_aТимонов, В.Е.
461 0 _1001RU\NLR\INFOCOMM7\1000093310
_12001#$aИзвестия Собрания инженеров путей сообщения$vГ.9 1892, Т.12, №7
_94503559
_aСобрание инженеров путей сообщения (Петербург)
_cСПб.
_d1883-1918
_tИзвестия Собрания инженеров путей сообщения
_vГ.9 1892, Т.12, №7
801 1 _aRU
_bInfoComm
_c20041115
801 0 _aRU
_bNLR
_gPSBO
852 _aNLR
_j2/745низ.
942 _cISSUE
980 _aNB
980 _aRUSPER